| 000 | 01335nam a2200241Ia 4500 | ||
|---|---|---|---|
| 999 |
_c44434 _d44434 |
||
| 001 | 11202 | ||
| 003 | GE_BSU | ||
| 005 | 20240124114400.0 | ||
| 008 | 181216s1998||||ge |||||||||||||| ||geo|| | ||
| 040 | _cGE_BSU | ||
| 041 | _ageo | ||
| 080 | _a575(075.8) დ-43 | ||
| 100 |
_aდიასამიძე, ანზორ _91109 |
||
| 245 |
_aგენეტიკა : _b სახელმძღვ. უმაღ. სასწ. ბიოლოგიის სპეც. სტუდ. / _cანზორ დიასამიძე, ქეთევან დოლიძე; [რედ.: შ. გოლიაძე]; შოთა რუსთაველის სახ. ბათუმის სახელმწ. უნ-ტი. |
||
| 264 |
_aბათუმი : _bბათუმის სახ. უნ-ტის გამ-ბა, _c1998. |
||
| 300 |
_a455 გვ.: _bილ.; _c21სმ. |
||
| 504 | _aბიბლიოგრ.: გვ. 448. | ||
| 653 | _aგენეტიკა | ||
| 653 | _aევოლუციისა და ზოგადი სელექციის გენეტიკური საფუძვლები | ||
| 700 |
_aდოლიძე, ქეთევან _eავტორი _9333 |
||
| 700 |
_aგოლიაძე, შ. _eრედაქტორი _95400 |
||
| 942 |
_cBK _2udc |
||